| 000 | 01117nam0a2200301 4500 | ||
|---|---|---|---|
| 001 | RU\NLR\BIBL_A\022559275 | ||
| 005 | 20260406183711.0 | ||
| 035 | _a(NLR Aleph) 022559275 | ||
| 090 |
_a13435640 _c13435640 |
||
| 100 | _a20250604d1947 u y0rusy50 ca | ||
| 101 | 0 | _arus | |
| 102 | _aRU | ||
| 105 | _ay ag 000yy | ||
| 181 | 0 |
_ai _baxxe |
|
| 182 | 0 | _an | |
| 200 | 1 | _aБиблиографический перечень работ, выполненных в биостанции за 20 лет, [1927-1947 г.] | |
| 203 |
_aТекст _bвизуальный _cнепосредственный |
||
| 210 |
_a39 с. _d1947 |
||
| 215 |
_a[Б. м. _cб. и. _d1947] |
||
| 300 | _aГод установлен по анализу текста | ||
| 309 | _aБез тит. л. и обл.; Напеч. на пиш. маш. | ||
| 710 | 0 | 2 |
_aСухумская медико-биологическая станция _9393518 _3RU\NLR\AUTH\889948935 |
| 852 |
_aNLR _j501АМН/Б-59 |
||
| 942 | _cBOOK | ||
| 980 | _aNB | ||